Datum a čas kvízu
29.5
Celkem bodů
Celkový počet nahraných bodů na tomto kvízu bez doplňovacích otázek.
8.
Pořadí na kvízu
Konečné umístění týmu na tomto kvízu.
Zaznamenané odpovědi
| # | Otázka | Odpověď | Body | Výsledky |
|---|---|---|---|---|
| 1. | Město Litomyšl vstoupilo do no... | 0 | ||
| 2. | Další z absurdních nařízení má... | 0 | ||
| 3. | Populární kapela Chinaski ozná... | 1 | ||
| 4. | Končící britská velvyslankyně... | 0 | ||
| 5. | Anketu Sportovec roku 2017 ovl... | 0 | ||
| 6. | Současný prezident Miloš Zeman... | 1 | ||
| 7. | Profesor Jiří Drahoš je svým v... | 1 | ||
| 8. | Ženskou kandidátku v těchto vo... | 1 | ||
| 9. | Napište jméno nejštědřejšího s... | 1 | ||
| 10. | Jedním ze smyšlených kandidátů... | 1 |